00803cam a22002657a 4500003000500000005001700005008004100022010001000063011001000073035001000083040000900093082001500102100002400117245011700141260003700258300003100295490002500326650004000351650002900391650002300420650002300443700002300466700002300489830002500512CHAP20220329141328.0971013s1986 r 00010 d a66476 a67448 a76918 cCHAP a582.15bL800aLuxmoore, Robert J. 0aCoupling of carbon, water and nutrient interactions in woody plant soil systemsb: proceedings of a symposium... aVictoria, Canada :bHeron,c1986 a467 p.b: ilus. ; gráfs. 0aTree physiologyv; 214aÁrbolesxFisiologia y morfologia.14aCarbónxAsimilación.14aPlantas leñosas.14aSuelos y cultivos.0 aKaufmann, Merrill.0 aLandsberg, Joseph.0 aTree physiologyv; 2